SUSTAINABLE MANAGEMENT OF TROPICAL FORESTS PRIVATE SECTOR EXPERIENCES : Regional Reports for the African, Asia Pacific and Latin American-Caribbean Regions :

Bibliographic Details
Corporate Authors: Forest Department Peninsular Malaysia, International Tropical Timber Organisation (ITTO)
Format: Book
Published: Kuala Lumpur : Forest Department Peninsular Malaysia , 2004
Subjects:

MARC

LEADER 00000cam a2200000 7i4500
001 0000003407
005 20051220.0
020 0 0 |a 9839269313 (v. II) 
090 0 0 |a 634.9068   |b SUS 
245 1 0 |a SUSTAINABLE MANAGEMENT OF TROPICAL FORESTS PRIVATE SECTOR EXPERIENCES :   |b Regional Reports for the African, Asia Pacific and Latin American-Caribbean Regions :   |b Proceedings of the International Conference Kuala Lumpur, Malaysia 13-15 April 2004 
260 0 0 |a Kuala Lumpur :   |b Forest Department Peninsular Malaysia ,   |c 2004 
300 |a xx, 470 p. :   |b ill. ;   |c 26 cm. 
650 0 0 |a Forest and forestry   |x Congresses 
650 0 0 |a Forest management   |x Congresses 
650 0 0 |a Sustainable forestry   |x Congresses 
710 2 1 |a Forest Department Peninsular Malaysia 
710 2 1 |a International Tropical Timber Organisation (ITTO) 
999 |a 0000006451   |b Monograph   |c Open Shelf   |e Default branch 
999 |a 0000006452   |b Monograph   |c Open Shelf   |e Default branch 
999 |a 0000006453   |b Monograph   |c Open Shelf   |e Default branch 
999 |a 0000006454   |b Monograph   |c Open Shelf   |e Default branch 
999 |a 0000006455   |b Monograph   |c Open Shelf   |e Default branch